[Event "77th ch-RUS 2024"]
[Site "Barnaul RUS"]
[Date "2024.08.21"]
[Round "5.3"]
[White "Grebnev, Aleksey"]
[Black "Najer, Evgeniy"]
[Result "1/2-1/2"]
[WhiteTitle "GM"]
[BlackTitle "GM"]
[WhiteElo "2513"]
[BlackElo "2635"]
[WhiteFideId "34189030"]
[BlackFideId "4118987"]
[EventDate "2024.08.17"]

1. d4 Nf6 2. Nf3 d5 3. Bf4 Bf5 4. c4 e6 5. Qb3 Nc6 6. Nbd2 Rb8 7. e3 Be7 8. cxd5
exd5 9. h3 O-O 10. Be2 Bd6 11. Bxd6 Qxd6 12. O-O Ne7 13. Rfc1 c6 14. Qc3 Ne4 15.
Nxe4 dxe4 16. Ne5 f6 17. Nc4 Qe6 18. b4 Kh8 19. Qb3 g5 20. Nd2 Qd7 21. b5 g4 22.
h4 g3 23. fxg3 Rg8 24. Nf1 cxb5 25. Qxb5 Qxb5 26. Bxb5 Be6 27. Kf2 Rbc8 28. Nd2
f5 29. Be2 Nd5 30. a3 Nf6 31. Bc4 Ng4+ 32. Ke2 Bxc4+ 33. Nxc4 Rg6 34. Ne5 Rgg8
35. Nf7+ Kg7 36. Nd6 Rxc1 37. Rxc1 Kf6 38. Rf1 Ke6 39. Nxf5 Nf6 40. Kd2 Nd5 41.
a4 b6 42. Kc2 a6 43. Kb2 b5 44. axb5 axb5 45. Kb3 Rg6 46. Rf2 Rg8 47. Rf1 Rg6 1/2-1/2

[Event "77th ch-RUS 2024"]
[Site "Barnaul RUS"]
[Date "2024.08.21"]
[Round "5.5"]
[White "Nesterov, Arseniy"]
[Black "Matlakov, Maxim"]
[Result "1/2-1/2"]
[WhiteTitle "GM"]
[BlackTitle "GM"]
[WhiteElo "2592"]
[BlackElo "2651"]
[WhiteFideId "24198455"]
[BlackFideId "4168003"]
[EventDate "2024.08.17"]

1. d4 Nf6 2. c4 e6 3. Nf3 d5 4. Nc3 c6 5. e3 Nbd7 6. Be2 Bd6 7. O-O O-O 8. b3 b6
9. Bb2 Bb7 10. Bd3 Re8 11. Re1 h6 12. Qc2 dxc4 13. bxc4 c5 14. d5 exd5 15. Nxd5
Nxd5 16. cxd5 Bxd5 17. Rad1 Bxf3 18. gxf3 Qe7 19. f4 Nf6 20. Bc4 1/2-1/2

[Event "77th ch-RUS 2024"]
[Site "Barnaul RUS"]
[Date "2024.08.21"]
[Round "5.6"]
[White "Timofeev, Artyom"]
[Black "Ponkratov, Pavel"]
[Result "1/2-1/2"]
[WhiteTitle "GM"]
[BlackTitle "GM"]
[WhiteElo "2547"]
[BlackElo "2571"]
[WhiteFideId "4140419"]
[BlackFideId "4157800"]
[EventDate "2024.08.17"]

1. d4 Nf6 2. Nf3 e6 3. g3 b5 4. Bg2 a5 5. Bg5 Be7 6. O-O d5 7. Nc3 Bd7 8. a3 Na6
9. Ne5 h6 10. Bxf6 Bxf6 11. e4 c6 12. f4 O-O 13. Nxd7 Qxd7 14. e5 Be7 15. Ne2 c5
16. c3 cxd4 17. cxd4 a4 18. Qd3 b4 19. f5 exf5 20. Rxf5 bxa3 21. bxa3 Nc7 22.
Rff1 Rab8 23. Rab1 Rfd8 24. h4 Bf8 25. Nf4 Rxb1 26. Rxb1 Ne6 27. Nxe6 Qxe6 28.
Kh2 Qe7 29. Rb4 Qa7 30. Rb1 Qe7 31. Rb4 Qa7 32. Rb1 1/2-1/2

[Event "77th ch-RUS 2024"]
[Site "Barnaul RUS"]
[Date "2024.08.22"]
[Round "6.1"]
[White "Najer, Evgeniy"]
[Black "Ponkratov, Pavel"]
[Result "1-0"]
[WhiteTitle "GM"]
[BlackTitle "GM"]
[WhiteElo "2635"]
[BlackElo "2571"]
[WhiteFideId "4118987"]
[BlackFideId "4157800"]
[EventDate "2024.08.17"]

1. e4 c6 2. d4 d5 3. e5 Bf5 4. h4 h5 5. c4 e6 6. Nc3 Ne7 7. Bg5 Nd7 8. cxd5 exd5
9. Bd3 f6 10. exf6 gxf6 11. Bf4 Qb6 12. Nge2 Rg8 13. Bxf5 Nxf5 14. Qd3 Ne7 15.
O-O Rg4 16. Qh7 O-O-O 17. Qxh5 Rg7 18. Rab1 Qa6 19. Rfd1 Ng6 20. Bg3 Bb4 21.
Nxd5 Qa5 22. a3 Rh8 23. axb4 Rxh5 24. bxa5 Rxd5 25. b4 Rh7 26. Nc3 Rdh5 27. Ne4
f5 28. Nd6+ Kd8 29. Nxb7+ Ke7 30. Re1+ Kf6 31. Bc7 Rxh4 32. Bd8+ Ne7 33. Bxe7+
Rxe7 34. Rxe7 Kxe7 35. Re1+ Kf6 36. Nd8 Rxd4 37. Nxc6 Rc4 38. b5 a6 39. Rd1 axb5
40. Rd6+ Kg5 41. a6 Nf6 42. f4+ Rxf4 43. a7 Ra4 44. Rd8 Ra1+ 45. Kf2 Ng4+ 46.
Ke2 Ra2+ 47. Rd2 Ra6 48. Rb2 Nf6 49. Rxb5 Ne8 50. Ra5 Rxa5 51. Nxa5 Nc7 52. Kf3
Kf6 53. Nc4 Na8 1-0

[Event "77th ch-RUS 2024"]
[Site "Barnaul RUS"]
[Date "2024.08.22"]
[Round "6.2"]
[White "Matlakov, Maxim"]
[Black "Timofeev, Artyom"]
[Result "0-1"]
[WhiteTitle "GM"]
[BlackTitle "GM"]
[WhiteElo "2651"]
[BlackElo "2547"]
[WhiteFideId "4168003"]
[BlackFideId "4140419"]
[EventDate "2024.08.17"]

1. d4 d5 2. c4 e6 3. Nc3 dxc4 4. e4 c5 5. d5 exd5 6. Qxd5 Qxd5 7. exd5 a6 8. Bf4
Bf5 9. O-O-O Nd7 10. Re1+ Kd8 11. a4 Ne7 12. Nf3 Nc8 13. Bxc4 Bd6 14. Bd2 Be7
15. Bb3 h6 16. d6 Bxd6 17. Bxf7 Rf8 18. Be6 Kc7 19. Bb3 Bg4 20. Bd1 Ncb6 21. h3
Bxf3 22. Bxf3 Ne5 23. Be2 Rxf2 24. Ne4 Rxg2 25. Nxd6 Kxd6 26. Bf4 Nd7 27. Bf1
Rf2 28. Bg3 Rf3 29. Bh2 Re8 30. Bg2 Rf2 31. Be4 Kc7 32. Bg3 Rf6 33. Rh2 Kb6 34.
Rd2 c4 35. Bc2 Rf3 36. a5+ Kc5 37. Rg1 Nd3+ 38. Kb1 Nf6 39. Bc7 Nd5 0-1

[Event "77th ch-RUS 2024"]
[Site "Barnaul RUS"]
[Date "2024.08.22"]
[Round "6.3"]
[White "Dubov, Daniil"]
[Black "Nesterov, Arseniy"]
[Result "1/2-1/2"]
[WhiteTitle "GM"]
[BlackTitle "GM"]
[WhiteElo "2701"]
[BlackElo "2592"]
[WhiteFideId "24126055"]
[BlackFideId "24198455"]
[EventDate "2024.08.17"]

1. d4 d5 2. c4 e6 3. Nc3 Nf6 4. cxd5 exd5 5. Bg5 c6 6. e3 Be7 7. Bd3 O-O 8. Nf3
Re8 9. Qc2 h6 10. Bf4 Bg4 11. Qb3 Qb6 12. h3 Be6 13. Qc2 c5 14. dxc5 Qxc5 15. a3
Nc6 16. b4 Qb6 17. Na4 Qd8 18. O-O Rc8 19. Qb1 Nd7 20. Rd1 Bf6 21. Ra2 Qe7 22.
Nd4 Nxd4 23. exd4 Nf8 24. Re2 Bxd4 25. Bb5 Qf6 26. Bxe8 1/2-1/2

[Event "77th ch-RUS 2024"]
[Site "Barnaul RUS"]
[Date "2024.08.22"]
[Round "6.4"]
[White "Artemiev, Vladislav"]
[Black "Dreev, Aleksey"]
[Result "1-0"]
[WhiteTitle "GM"]
[BlackTitle "GM"]
[WhiteElo "2699"]
[BlackElo "2591"]
[WhiteFideId "24101605"]
[BlackFideId "4100107"]
[EventDate "2024.08.17"]

1. e4 c6 2. d4 d5 3. e5 c5 4. Nf3 cxd4 5. Nxd4 Nc6 6. c4 e6 7. Nc3 Bc5 8. Nb3
Bb4 9. cxd5 exd5 10. Bb5 Ne7 11. O-O O-O 12. Qe2 a6 13. Bd3 d4 14. Na4 Bf5 15.
Bxf5 Nxf5 16. Qe4 g6 17. a3 Be7 18. Bd2 Re8 19. Rac1 b5 20. Nb6 Qxb6 21. Rxc6
Qa7 22. Rfc1 Qd7 23. g4 Nh4 24. Rc7 Qd8 25. Ba5 Bd6 26. Ra7 1-0

[Event "77th ch-RUS 2024"]
[Site "Barnaul RUS"]
[Date "2024.08.22"]
[Round "6.6"]
[White "Grebnev, Aleksey"]
[Black "Esipenko, Andrey"]
[Result "1/2-1/2"]
[WhiteTitle "GM"]
[BlackTitle "GM"]
[WhiteElo "2513"]
[BlackElo "2671"]
[WhiteFideId "34189030"]
[BlackFideId "24175439"]
[EventDate "2024.08.17"]

1. d4 Nf6 2. Nf3 e6 3. c4 d5 4. Nc3 Bb4 5. Bg5 h6 6. Bxf6 Qxf6 7. Qb3 c5 8. cxd5
exd5 9. dxc5 Bxc3+ 10. Qxc3 Qxc3+ 11. bxc3 Nd7 12. Rd1 1/2-1/2

[Event "77th ch-RUS 2024"]
[Site "Barnaul RUS"]
[Date "2024.08.24"]
[Round "7.1"]
[White "Esipenko, Andrey"]
[Black "Najer, Evgeniy"]
[Result "1/2-1/2"]
[WhiteTitle "GM"]
[BlackTitle "GM"]
[WhiteElo "2671"]
[BlackElo "2635"]
[WhiteFideId "24175439"]
[BlackFideId "4118987"]
[EventDate "2024.08.17"]

1. e4 e5 2. Nf3 Nc6 3. Bb5 a6 4. Ba4 Nf6 5. d3 b5 6. Bb3 Bc5 7. a4 b4 8. Be3 Bb6
9. Nbd2 O-O 10. O-O d6 11. Bg5 h6 12. Bh4 g5 13. Bg3 Rb8 14. h3 Kg7 15. Nc4 Ba7
16. a5 Be6 17. Re1 Nd4 18. Nxd4 Bxd4 19. Rb1 h5 20. Qd2 Nd7 21. c3 bxc3 22. bxc3
Ba7 23. d4 h4 24. Bh2 f6 25. Ba2 Re8 26. Rxb8 Bxb8 27. Ne3 Nf8 28. Bxe6 Nxe6 29.
Qd3 Qc8 30. f3 c6 31. Kh1 Bc7 32. Qc4 Kg6 33. Qxc6 Bxa5 34. Qa4 Bxc3 35. Rc1
exd4 36. Nd5 Kf7 37. Bxd6 Rd8 38. Be7 Rxd5 39. exd5 Nf4 40. d6 Qe6 41. Qc2 Kg7
42. Rb1 Ng6 43. Qa4 Nxe7 44. dxe7 Qxe7 45. Qxa6 Qe5 46. Qd3 Kh6 47. Rd1 Qf4 48.
Qc4 Qe5 49. Kg1 Bd2 50. Rb1 Bf4 51. Kf1 Qe3 52. Rb3 Qe5 53. Rb5 Qe3 54. Rb3 Qe5
55. Qd3 Bg3 56. Qe4 Qa5 57. Qb1 Qd2 58. Rb2 Qc3 59. Rb3 Qd2 60. Rb2 Qc3 61. Rb3
Qd2 62. Rb2 1/2-1/2

[Event "77th ch-RUS 2024"]
[Site "Barnaul RUS"]
[Date "2024.08.24"]
[Round "7.2"]
[White "Grischuk, Alexander"]
[Black "Grebnev, Aleksey"]
[Result "1/2-1/2"]
[WhiteTitle "GM"]
[BlackTitle "GM"]
[WhiteElo "2708"]
[BlackElo "2513"]
[WhiteFideId "4126025"]
[BlackFideId "34189030"]
[EventDate "2024.08.17"]

1. c4 Nf6 2. Nf3 e6 3. b3 d5 4. Bb2 Be7 5. g4 O-O 6. g5 Ne4 7. h4 c5 8. e3 Nc6
9. Nc3 b6 10. Nxe4 dxe4 11. Ne5 Nxe5 12. Bxe5 f6 13. Bc3 Bb7 14. Qc2 fxg5 15.
hxg5 Bxg5 16. Bg2 Qe7 17. Bxe4 Bxe4 18. Qxe4 g6 19. f4 Bf6 20. Bxf6 Qxf6 21. Ke2
Rae8 22. Raf1 Re7 23. Rhg1 Qf5 24. Qxf5 exf5 25. Rb1 Rc8 26. Rgc1 Kg7 27. b4 g5
28. fxg5 f4 29. Rc3 1/2-1/2

[Event "77th ch-RUS 2024"]
[Site "Barnaul RUS"]
[Date "2024.08.24"]
[Round "7.3"]
[White "Dreev, Aleksey"]
[Black "Makarian, Rudik"]
[Result "0-1"]
[WhiteTitle "GM"]
[BlackTitle "IM"]
[WhiteElo "2591"]
[BlackElo "2537"]
[WhiteFideId "4100107"]
[BlackFideId "44105681"]
[EventDate "2024.08.17"]

1. d4 Nf6 2. Nf3 d5 3. Bf4 c5 4. e3 Qb6 5. c4 cxd4 6. Qxd4 Nbd7 7. Nc3 Qxd4 8.
exd4 dxc4 9. Bxc4 Nb6 10. Bb5+ Bd7 11. Bxd7+ Kxd7 12. Be5 e6 13. Bxf6 gxf6 14.
d5 Bb4 15. dxe6+ fxe6 16. O-O-O+ Ke7 17. Ne4 Rac8+ 18. Kb1 Rc4 19. Ned2 Rg4 20.
g3 Nc4 21. Nb3 Na5 22. Rd3 Rd8 23. Rxd8 Kxd8 24. Nbd4 e5 25. Nb5 Bc5 26. Rd1+
Ke7 27. Nc3 Bxf2 28. Nd5+ Ke6 29. Nc7+ Kf5 30. Rf1 Ke4 31. Nd2+ Ke3 32. Nd5+
Kxd2 33. Rxf2+ Kd3 34. Nxf6 Rd4 35. Nh5 e4 36. Nf4+ Ke3 37. Rf1 Rd2 38. Re1+ Kf3
39. Rf1+ Rf2 40. Rxf2+ Kxf2 41. Kc2 Nc6 42. Nh3+ Kg2 43. Nf4+ Kf3 44. Kd2 e3+
45. Ke1 Nd4 46. Nd3 Kg2 47. Nf4+ Kxh2 48. Nd5 Nc2+ 49. Ke2 Kxg3 50. Nf6 h6 51.
Kd3 h5 52. Kxc2 h4 53. Kd3 Kf3 54. Ne4 e2 55. Nd2+ Kf2 56. Ne4+ Kf1 0-1

[Event "77th ch-RUS 2024"]
[Site "Barnaul RUS"]
[Date "2024.08.24"]
[Round "7.4"]
[White "Nesterov, Arseniy"]
[Black "Artemiev, Vladislav"]
[Result "1/2-1/2"]
[WhiteTitle "GM"]
[BlackTitle "GM"]
[WhiteElo "2592"]
[BlackElo "2699"]
[WhiteFideId "24198455"]
[BlackFideId "24101605"]
[EventDate "2024.08.17"]

1. d4 Nf6 2. c4 e6 3. Nf3 b6 4. g3 Ba6 5. b3 Bb4+ 6. Bd2 Be7 7. Bg2 d5 8. cxd5
exd5 9. O-O O-O 10. Nc3 Re8 11. Rc1 Nbd7 12. Ne5 Bb7 13. Nb5 c5 14. Bf4 Nf8 15.
Nc4 Ne6 16. Nbd6 Nxf4 17. Nxb7 Qb8 18. gxf4 1/2-1/2

[Event "77th ch-RUS 2024"]
[Site "Barnaul RUS"]
[Date "2024.08.24"]
[Round "7.5"]
[White "Timofeev, Artyom"]
[Black "Dubov, Daniil"]
[Result "1/2-1/2"]
[WhiteTitle "GM"]
[BlackTitle "GM"]
[WhiteElo "2547"]
[BlackElo "2701"]
[WhiteFideId "4140419"]
[BlackFideId "24126055"]
[EventDate "2024.08.17"]

1. Nf3 Nf6 2. e3 g6 3. b3 Bg7 4. Bb2 O-O 5. Be2 d6 6. d4 Bf5 7. Bd3 Qc8 8. Bxf5
Qxf5 9. Qd3 Qh5 10. Nc3 Nc6 11. Qb5 Qxb5 12. Nxb5 Nb4 13. Na3 Ne4 14. Nd2 f5 15.
f3 Nf6 16. Ke2 a6 17. c3 Nc6 18. c4 e5 19. d5 Ne7 20. Nc2 h5 21. Rad1 Bh6 22. h4
Kf7 23. Rhf1 b5 24. Nb4 a5 25. Nd3 a4 26. Rc1 Rfb8 27. Bc3 axb3 28. axb3 bxc4
29. bxc4 Ra3 30. Rc2 Nexd5 31. cxd5 Nxd5 32. Rfc1 Bxe3 33. Bb2 Ra7 34. Rd1 Ra2
35. Nc4 Bd4 36. Rdd2 Bxb2 37. Ncxb2 Ke6 38. Rc6 Kd7 39. Rcc2 Ke6 40. Rc6 Rb5 41.
Nc4 Rxd2+ 42. Kxd2 e4 43. fxe4 fxe4 44. Nf2 Kd7 45. Ra6 Rb4 46. Ne3 Rb2+ 47. Kc1
Rxf2 48. Nxd5 c6 49. Nb6+ Ke6 50. Nc8 Rxg2 51. Rxc6 Kd7 52. Rc3 d5 53. Nb6+ Kd6
54. Nc8+ Ke5 55. Ne7 d4 56. Rc6 Rg1+ 57. Kd2 e3+ 58. Kd3 Rd1+ 59. Ke2 Rd2+ 60.
Ke1 Rh2 61. Nxg6+ Kd5 62. Ra6 Rh1+ 63. Ke2 Rh2+ 64. Ke1 d3 65. Nf4+ Ke4 66. Nxd3
Kxd3 67. Ra3+ Ke4 68. Ra5 Kf3 69. Rf5+ Kg4 70. Re5 Rh3 71. Ke2 Kxh4 72. Re4+ Kg3
73. Rxe3+ 1/2-1/2

[Event "77th ch-RUS 2024"]
[Site "Barnaul RUS"]
[Date "2024.08.24"]
[Round "7.6"]
[White "Ponkratov, Pavel"]
[Black "Matlakov, Maxim"]
[Result "1/2-1/2"]
[WhiteTitle "GM"]
[BlackTitle "GM"]
[WhiteElo "2571"]
[BlackElo "2651"]
[WhiteFideId "4157800"]
[BlackFideId "4168003"]
[EventDate "2024.08.17"]

1. e4 e5 2. Nf3 Nc6 3. Bb5 a6 4. Ba4 Nf6 5. O-O Be7 6. Re1 b5 7. Bb3 O-O 8. a4
b4 9. a5 d6 10. c3 Rb8 11. Bc4 Bg4 12. h3 Bh5 13. Qa4 Qd7 14. Re3 Ra8 15. d3
bxc3 16. bxc3 Nd8 17. Qa2 Re8 18. Nbd2 Bf8 19. Bb3 Rb8 20. Nc4 c6 21. Nh4 Qc7
22. g4 Bg6 23. Nb6 Nd7 24. Nxd7 Qxd7 25. Nxg6 hxg6 26. Rf3 Ne6 27. Be3 g5 28. d4
Nf4 29. dxe5 dxe5 30. Bc4 Qb7 31. Kh2 g6 32. Rg3 Kg7 33. Rgg1 Bd6 34. Rad1 Qe7
35. Bxf7 Rh8 36. Rg3 Qf6 37. Bxf4 exf4 38. Rf3 Be5 39. Bc4 Bxc3 40. Rd7+ Kh6 41.
Bxa6 Qe5 42. Qf7 Rbf8 43. Qc4 Bxa5 44. Qxc6 Rf6 45. Qc4 Rd8 46. Rxd8 Bxd8 47.
Qg8 Rxa6 48. Qxd8 Re6 49. h4 Qf6 50. Qd5 Re5 51. Qa8 gxh4 52. Rc3 Rxe4 53. Qxe4 1/2-1/2

[Event "77th ch-RUS 2024"]
[Site "Barnaul RUS"]
[Date "2024.08.25"]
[Round "8.1"]
[White "Najer, Evgeniy"]
[Black "Matlakov, Maxim"]
[Result "1/2-1/2"]
[WhiteTitle "GM"]
[BlackTitle "GM"]
[WhiteElo "2635"]
[BlackElo "2651"]
[WhiteFideId "4118987"]
[BlackFideId "4168003"]
[EventDate "2024.08.17"]

1. e4 c5 2. Nf3 Nc6 3. Bb5 Nf6 4. Nc3 Nd4 5. e5 Nxb5 6. Nxb5 Nd5 7. O-O a6 8. c4
Nb4 9. Nc3 d6 10. d3 Bg4 11. h3 Bh5 12. Ne4 e6 13. Bg5 Qc7 14. exd6 Bxd6 15. d4
Bxf3 16. Qxf3 cxd4 17. Nxd6+ Qxd6 18. Qxb7 Rb8 19. Qe4 f6 20. Bd2 Nc6 21. b4 f5
22. Qf3 O-O 23. Rfe1 e5 24. Qd5+ Qxd5 25. cxd5 Nxb4 26. Bxb4 Rxb4 1/2-1/2

[Event "77th ch-RUS 2024"]
[Site "Barnaul RUS"]
[Date "2024.08.25"]
[Round "8.2"]
[White "Dubov, Daniil"]
[Black "Ponkratov, Pavel"]
[Result "1/2-1/2"]
[WhiteTitle "GM"]
[BlackTitle "GM"]
[WhiteElo "2701"]
[BlackElo "2571"]
[WhiteFideId "24126055"]
[BlackFideId "4157800"]
[EventDate "2024.08.17"]

1. d4 Nf6 2. c4 e6 3. Nf3 d5 4. Bg5 dxc4 5. e4 h6 6. Bxf6 Qxf6 7. Bxc4 c5 8. e5
Qd8 9. d5 exd5 10. Bxd5 Be7 11. Nc3 O-O 12. Qa4 Nc6 13. O-O Nb4 14. Rad1 Qe8 15.
Qb3 Nxd5 16. Nxd5 Bd8 17. Nf4 Rb8 18. Qa3 Bb6 19. Rfe1 Qb5 20. Nh4 Qb4 21. Qf3
Bd8 22. a3 Qxb2 23. Qg3 Bxh4 24. Qxh4 Bf5 25. g4 Bc2 26. Re2 Qxa3 27. Rde1 Qf3
28. g5 Bf5 29. h3 Kh7 30. Re3 Qc6 31. Rd1 Qa4 32. Rd6 Be6 33. Kh2 Qc2 34. gxh6
g5 35. Qg3 Rbd8 36. Rf3 Rxd6 37. exd6 Qe4 38. Qxg5 Rg8 39. Qh5 Qb1 40. Ng2 Qg6
41. Qxg6+ fxg6 42. Rf6 Bb3 43. Nf4 Rd8 44. Nxg6 Kxh6 45. Ne5+ Kg7 46. Rg6+ Kh7
47. f4 c4 48. Re6 c3 49. Re7+ Kh6 50. Rxb7 c2 51. Rc7 Rxd6 52. Rxc2 Bxc2 53.
Nf7+ Kg6 54. Nxd6 Bd3 55. Nb7 Be4 1/2-1/2

[Event "77th ch-RUS 2024"]
[Site "Barnaul RUS"]
[Date "2024.08.25"]
[Round "8.3"]
[White "Artemiev, Vladislav"]
[Black "Timofeev, Artyom"]
[Result "1/2-1/2"]
[WhiteTitle "GM"]
[BlackTitle "GM"]
[WhiteElo "2699"]
[BlackElo "2547"]
[WhiteFideId "24101605"]
[BlackFideId "4140419"]
[EventDate "2024.08.17"]

1. e4 e6 2. d4 d5 3. Nc3 Nf6 4. Bg5 dxe4 5. Nxe4 Nbd7 6. Nf3 Be7 7. Nxf6+ Bxf6
8. h4 h6 9. Bxf6 Nxf6 10. Qd2 Qd5 11. Be2 O-O 12. c4 Qd6 13. O-O-O Ng4 14. Rhf1
b6 15. Ne1 e5 16. dxe5 Qxd2+ 17. Rxd2 Nxe5 18. Nc2 Be6 19. Ne3 Rad8 20. f4 Rxd2
21. Kxd2 Nc6 22. f5 Bd7 23. Nd5 Nd4 24. Bd3 c5 25. f6 Rd8 26. fxg7 Kxg7 27. Kc3
Bc6 28. Nf4 Re8 29. b4 Re5 30. bxc5 bxc5 31. Kd2 a5 32. Rf2 a4 33. Bb1 Re7 34.
Nh5+ Kf8 35. Bd3 Re5 36. Nf6 Kg7 37. Ng4 Re6 38. Ne3 Be4 39. g3 Bxd3 40. Kxd3
Rb6 41. g4 a3 42. Nf5+ Nxf5 43. Rxf5 Rb2 44. Rxc5 Rxa2 45. Ra5 Rg2 46. g5 hxg5
47. hxg5 Kg6 48. Ke4 a2 49. Kf4 Rc2 50. Ra6+ Kg7 51. Kf5 Rxc4 52. Rxa2 1/2-1/2

[Event "77th ch-RUS 2024"]
[Site "Barnaul RUS"]
[Date "2024.08.25"]
[Round "8.4"]
[White "Makarian, Rudik"]
[Black "Nesterov, Arseniy"]
[Result "1/2-1/2"]
[WhiteTitle "IM"]
[BlackTitle "GM"]
[WhiteElo "2537"]
[BlackElo "2592"]
[WhiteFideId "44105681"]
[BlackFideId "24198455"]
[EventDate "2024.08.17"]

1. e4 e5 2. Nf3 Nf6 3. Nxe5 d6 4. Nf3 Nxe4 5. d4 d5 6. Bd3 Be7 7. O-O Bf5 8. Re1
O-O 9. Nbd2 Nd6 10. Nf1 c6 11. Bf4 Bxd3 12. Qxd3 Na6 13. h4 Nc7 14. Ng5 g6 15.
Nh2 Qd7 16. h5 Bxg5 17. Bxg5 Rfe8 18. Bf6 Rxe1+ 19. Rxe1 Re8 20. Re5 Ne4 21. Qf3
Re6 22. Ng4 1/2-1/2

[Event "77th ch-RUS 2024"]
[Site "Barnaul RUS"]
[Date "2024.08.25"]
[Round "8.5"]
[White "Grebnev, Aleksey"]
[Black "Dreev, Aleksey"]
[Result "1/2-1/2"]
[WhiteTitle "GM"]
[BlackTitle "GM"]
[WhiteElo "2513"]
[BlackElo "2591"]
[WhiteFideId "34189030"]
[BlackFideId "4100107"]
[EventDate "2024.08.17"]

1. e4 c6 2. d4 d5 3. e5 c5 4. Nf3 cxd4 5. Qxd4 Nc6 6. Qf4 e6 7. Be3 Bd7 8. Nc3
f6 9. O-O-O Qb8 10. Bd4 g6 11. Kb1 Bh6 12. Qh4 fxe5 13. Nxe5 Nxe5 14. Re1 Bg7
15. Qg3 Nh6 16. Bxe5 1/2-1/2

[Event "77th ch-RUS 2024"]
[Site "Barnaul RUS"]
[Date "2024.08.25"]
[Round "8.6"]
[White "Esipenko, Andrey"]
[Black "Grischuk, Alexander"]
[Result "1-0"]
[WhiteTitle "GM"]
[BlackTitle "GM"]
[WhiteElo "2671"]
[BlackElo "2708"]
[WhiteFideId "24175439"]
[BlackFideId "4126025"]
[EventDate "2024.08.17"]

1. d4 Nf6 2. c4 e6 3. Nc3 d5 4. cxd5 exd5 5. Bg5 c6 6. e3 Bf5 7. Qf3 Bg6 8. Bxf6
Qxf6 9. Qxf6 gxf6 10. h4 Nd7 11. Nge2 h6 12. Nf4 Rg8 13. Nxg6 fxg6 14. h5 g5 15.
a3 O-O-O 16. Bd3 Nb6 17. g4 Kb8 18. Rh3 Bd6 19. Rf3 Rgf8 20. Bf5 Nc4 21. O-O-O
Bc7 22. Kc2 Nd6 23. Na4 b6 24. Nc3 Kb7 25. a4 a5 26. Rc1 Rde8 27. Kd3 Re7 28.
Rc2 Rd8 29. Ke2 Rf8 30. Na2 Ra8 31. Bd3 Re6 32. Bg6 b5 33. axb5 Nxb5 34. Kf1 Nd6
35. Nc1 Bb6 36. Nd3 Rf8 37. Kg2 Nb5 38. Rh3 Re7 39. Rh1 Rc7 40. Rhc1 Ra8 41. b3
Na3 42. Ra2 Nb5 43. Ra4 Ra7 44. b4 Re7 45. Nc5+ Kc7 46. Bd3 Kd6 47. Nb3 axb4 48.
Bxb5 cxb5 49. Rxb4 Rec7 50. Rxb5 Rxc1 51. Nxc1 Kc6 52. Rb2 Bc7 53. Ne2 Ra8 54.
Rc2+ 1-0

[Event "77th ch-RUS 2024"]
[Site "Barnaul RUS"]
[Date "2024.08.26"]
[Round "9.1"]
[White "Grischuk, Alexander"]
[Black "Najer, Evgeniy"]
[Result "1/2-1/2"]
[WhiteTitle "GM"]
[BlackTitle "GM"]
[WhiteElo "2708"]
[BlackElo "2635"]
[WhiteFideId "4126025"]
[BlackFideId "4118987"]
[EventDate "2024.08.17"]

1. c4 e5 2. d3 Nf6 3. Nf3 Nc6 4. a3 d5 5. cxd5 Nxd5 6. e4 Nb6 7. Be2 Be7 8. O-O
O-O 9. Be3 Be6 10. Nbd2 a5 11. Nb3 Nd7 12. d4 Bxb3 13. Qxb3 exd4 14. Bxd4 Nc5
15. Qe3 Ne6 16. Rad1 Ncxd4 17. Nxd4 Nxd4 18. Rxd4 Qc8 19. Qf4 Qe6 20. Qxc7 Bf6
21. Rd7 Qxe4 22. Bf3 Qe5 23. Qxb7 Rab8 24. Qa7 Rxb2 25. Bd5 Qe8 26. g3 Bd8 27.
Rb7 Rxb7 28. Qxb7 Qe7 29. Qb3 Qc5 30. a4 g6 31. Rb1 Kg7 32. Qf3 Bb6 33. Rb5 Qc7
34. Kg2 Rd8 35. Qxf7+ Qxf7 36. Bxf7 Kxf7 37. Rxb6 Rd4 38. Rb7+ Kg8 39. h4 1/2-1/2

[Event "77th ch-RUS 2024"]
[Site "Barnaul RUS"]
[Date "2024.08.26"]
[Round "9.2"]
[White "Dreev, Aleksey"]
[Black "Esipenko, Andrey"]
[Result "1/2-1/2"]
[WhiteTitle "GM"]
[BlackTitle "GM"]
[WhiteElo "2591"]
[BlackElo "2671"]
[WhiteFideId "4100107"]
[BlackFideId "24175439"]
[EventDate "2024.08.17"]

1. d4 Nf6 2. Nf3 e6 3. Bg5 h6 4. Bh4 c5 5. e3 cxd4 6. exd4 Qb6 7. Nbd2 Qxb2 8.
Bxf6 gxf6 9. Be2 Qc3 10. Rb1 b6 11. Rb3 Qc7 12. Ne4 Qf4 13. Nfd2 f5 1/2-1/2

[Event "77th ch-RUS 2024"]
[Site "Barnaul RUS"]
[Date "2024.08.26"]
[Round "9.3"]
[White "Nesterov, Arseniy"]
[Black "Grebnev, Aleksey"]
[Result "1/2-1/2"]
[WhiteTitle "GM"]
[BlackTitle "GM"]
[WhiteElo "2592"]
[BlackElo "2513"]
[WhiteFideId "24198455"]
[BlackFideId "34189030"]
[EventDate "2024.08.17"]

1. d4 Nf6 2. c4 e6 3. Nf3 d5 4. Nc3 c5 5. e3 Nc6 6. a3 a6 7. dxc5 Bxc5 8. b4 Bd6
9. Bb2 O-O 10. cxd5 exd5 11. Be2 Re8 12. O-O Be6 13. Rc1 Ne5 14. Nxe5 Bxe5 15.
Na4 Bxb2 16. Nxb2 Ne4 17. Na4 a5 18. Nc5 axb4 19. axb4 Nxc5 20. Rxc5 Qf6 21. Bf3
Red8 22. Qd3 Qb2 23. Qb5 h6 24. h3 Rd7 25. Rfc1 Ra1 26. Rxa1 Qxa1+ 27. Qf1 Qb2
28. Rc8+ Kh7 29. Qd3+ g6 30. Qb5 Qa1+ 31. Qf1 Qb2 32. Qb5 1/2-1/2

[Event "77th ch-RUS 2024"]
[Site "Barnaul RUS"]
[Date "2024.08.26"]
[Round "9.4"]
[White "Timofeev, Artyom"]
[Black "Makarian, Rudik"]
[Result "1/2-1/2"]
[WhiteTitle "GM"]
[BlackTitle "IM"]
[WhiteElo "2547"]
[BlackElo "2537"]
[WhiteFideId "4140419"]
[BlackFideId "44105681"]
[EventDate "2024.08.17"]

1. c4 e6 2. Nf3 Nf6 3. Nc3 d5 4. e3 dxc4 5. Bxc4 a6 6. a4 c5 7. d4 Nc6 8. O-O
Be7 9. Qe2 cxd4 10. Rd1 e5 11. exd4 exd4 12. Nxd4 Nxd4 13. Qe5 Qd6 14. Qxd4 Qxd4
15. Rxd4 Be6 1/2-1/2